1722 1207 1675 1367 1809 1338 1730 1719 1029 1856 1597 1759 1136 1967 1199 1329 1985 1894 1910 1092 1425 1015 1834 1386 1773 1524 1331 1757 1763 1251 1705 1883 1117 1348 1036 1746 1871 1617 1496 1567 1244 1638 1373 1041 1116 1097 1874 1510 1757 1018 1298 1254 1526 1874 1873 1290 1532 1692 1322 1040 1026 1260 1118 1891 1629 1668 1674 1097 1792 1221 1412 1782 1440 1849 1206 1201 1027 1132 1232 1021 1933 1789 1611 1806 1857 1067 1538 1212 1322 1741 1950 1761 1404 1123 1916 1498 1835 1454 1173 BCNSPRNW ULIB Ver.6.0+V

เปลี่ยนเป็นภาษาไทย

Change to English
 แสดงรายละเอียดบรรณานุกรม
  กลับหน้าหลัก

Brief Record : Get Marc (ISO 2709) : E-mail record : QR code < ปิดหน้าต่าง
LEADER : 00000nam 2200000uu 4500
001    13399113271
003     ULIB
008    111005s2551||||th 000 0 tha d
020    9789741096169
050 04 TT870^bศ334ก 2551
100 0  ศักรินทร์ หงส์รัตนาวรกิจ
245 10 การพับผ้าบนโต๊ะอาหาร /^cศักรินทร์ หงส์รัตนาวรกิจ
250    พิมพ์ครั้งที่ 1
260    กรุงเทพฯ :^bวาดศิลป์,^c2551
300    64 หน้า :^bภาพประกอบ ;^c26 ซม
440  0 โครงการหนังสือส่งเสริมวิชาชีพธุรกิจ
650  7 การพับผ้าเช็ดปาก
945    ^p160^l0^i027692
995    ทศพร
999 ^a ทศพร
รายการนี้ยังไม่มีแท็ก
คุณยังไม่ได้ล็อกอิน คุณสามารถมีกิจกรรมร่วมกับเว็บไซต์ได้ แต่ต้องล็อกอินก่อน ::
  ล็อกอิน

รายการสื่อสารสนเทศ

ลำดับที่ ประเภท เลขเรียก/บาร์โค้ด สถานที่ สถานะ
- ไม่พบข้อมูล -

รายการใกล้เคียง
    ผู้แต่ง [ศักรินทร์ หงส์รัตนาวรกิจ]

    หัวเรื่อง [การพับผ้าเช็ดปาก]

BibComment


ยังไม่เคยถูกคอมเมนท์

คอมเมนท์ทรัพยากรรายการนี้
  คอมเมนท์: การพับผ้าบนโต๊ะอา..


 Copyright 2026. Bcnsprnw @Library